[Event "SVK-chT1W 2223"]
[Site "Slovakia"]
[Date "2023.03.11"]
[Round "10.4"]
[White "Dudas, Jan"]
[Black "Abel, Peter"]
[Result "0-1"]
[WhiteElo "2192"]
[BlackElo "2147"]
[PlyCount "67"]
[EventDate "2022.10.15"]
[EventType "team-tourn"]
[EventRounds "11"]
[EventCountry "SVK"]
[SourceTitle "EXT 2024"]
[Source "ChessBase"]
[SourceDate "2023.10.10"]
[SourceVersion "1"]
[SourceVersionDate "2023.10.10"]
[SourceQuality "1"]
[WhiteTeam "Bratislava Lokomotiva"]
[BlackTeam "Povazska Bystrica"]
[WhiteTeamCountry "SVK"]
[BlackTeamCountry "SVK"]

1. e4 Nf6 2. e5 Nd5 3. d4 d6 4. Nf3 Bg4 5. Be2 e6 6. c4 Nb6 7. exd6 cxd6 8. Nc3 Be7 9. 0-0 0-0 10. b3 Nc6 11. Be3 d5 12. c5 Nd7 13. b4 Bf6 14. Rc1 Nxb4 15. Qb3 Nc6 16. Qxb7 Bxf3 17. Qxc6 Bxe2 18. Nxe2 Rc8 19. Qa6 Qc7 20. Rb1 Nb8 21. Qb7 Qa5 22. Qb5 Qc7 23. Rfc1 Nc6 24. Qa4 e5 25. dxe5 Bxe5 26. f4 Bf6 27. Rd1 Rfe8 28. Rb3 Re4 29. Qa6 Rce8 30. Kf2 d4 31. Nxd4 Nxd4 32. Rb7 Qxc5 33. Qd3 Qc6 34. Qb3 0-1

[Event "EU-ch blitz"]
[Site "Katowice"]
[Date "2017.12.15"]
[Round "22"]
[White "Dudas, Jan"]
[Black "Laurusas, Tomas"]
[Result "0-1"]
[WhiteElo "2216"]
[BlackElo "2423"]
[PlyCount "90"]
[EventDate "2017.12.15"]
[EventType "swiss (blitz)"]
[EventRounds "22"]
[EventCountry "POL"]
[SourceTitle "CBM 182 Extra"]
[Source "ChessBase"]
[SourceDate "2018.02.23"]
[SourceVersion "1"]
[SourceVersionDate "2018.02.23"]
[SourceQuality "1"]

1. e4 c6 2. d4 d5 3. Nd2 a6 4. Ngf3 Bg4 5. c3 e6 6. h3 Bh5 7. Bd3 Nf6 8. 0-0 Be7 9. Re1 0-0 10. exd5 cxd5 11. Nf1 Nc6 12. Ng3 Bg6 13. Ne5 Nxe5 14. dxe5 Nd7 15. Bxg6 hxg6 16. f4 Bh4 17. Qg4 Nc5 18. Be3 Bxg3 19. Qxg3 Ne4 20. Qg4 Rc8 21. Rad1 Qa5 22. a3 Qb5 23. Qe2 Qxe2 24. Rxe2 f6 25. exf6 gxf6 26. Bd4 Kf7 27. g4 g5 28. fxg5 fxg5 29. Be5 Ke7 30. Rf1 a5 31. Rxf8 Rxf8 32. c4 Rf3 33. Kg2 Rd3 34. cxd5 exd5 35. Rc2 Ke6 36. Bc7 a4 37. Bb6 d4 38. Kf1 Rf3+ 39. Kg2 Rd3 40. Re2 Kd5 41. Rc2 Rg3+ 42. Kh2 Rb3 43. Bd8 d3 44. Rc1 Rxb2+ 45. Kg1 d2 0-1

[Event "SVK-chT2A 1617"]
[Site "Slovakia"]
[Date "2016.10.08"]
[Round "1.2"]
[White "Dudas, Jan"]
[Black "Jablonicky, Martin"]
[Result "1/2-1/2"]
[WhiteElo "2207"]
[BlackElo "2262"]
[PlyCount "88"]
[EventDate "2016.10.08"]
[EventType "team-tourn"]
[EventRounds "11"]
[EventCountry "SVK"]
[SourceTitle "CBM 175 Extra"]
[Source "ChessBase"]
[SourceDate "2016.12.12"]
[SourceVersion "1"]
[SourceVersionDate "2016.12.12"]
[SourceQuality "1"]
[WhiteTeam "Bratislava Doprastav"]
[BlackTeam "Sered MSK"]
[WhiteTeamCountry "SVK"]
[BlackTeamCountry "SVK"]

1. e4 d6 2. d4 Nf6 3. Nc3 g6 4. Bg5 c6 5. f4 Bg7 6. Nf3 Qa5 7. Qd2 Bg4 8. Bd3 Bxf3 9. gxf3 Nbd7 10. 0-0-0 e5 11. dxe5 dxe5 12. Bc4 0-0 13. f5 b5 14. Bb3 Nc5 15. fxg6 Nxb3+ 16. axb3 hxg6 17. Qd6 Nh7 18. Be3 Rac8 19. b4 Qc7 20. Qxc7 Rxc7 21. h4 Nf6 22. Rd6 Nh5 23. Bg5 f6 24. Be3 Rfc8 25. Rg1 Bf8 26. Rd2 Kf7 27. Rdg2 Bxb4 28. Rxg6 Bf8 29. Ne2 Ke6 30. R1g5 Rh7 31. Rg1 Kf7 32. c3 a5 33. R6g4 a4 34. Kc2 Rd8 35. f4 Bh6 36. Bc1 Bxf4 37. Bxf4 Nxf4 38. Nxf4 exf4 39. Rxf4 Ke6 40. Rg6 Rf8 41. Kd3 Rh5 42. Ke3 Rc5 43. Kd3 Rh5 44. Ke3 Rc5 1/2-1/2

[Event "SVK-chT 1314"]
[Site "Slovakia"]
[Date "2014.03.08"]
[Round "7.6"]
[White "Spacek, Oliver"]
[Black "Dudas, Jan"]
[Result "1-0"]
[WhiteElo "2041"]
[BlackElo "2211"]
[PlyCount "97"]
[EventDate "2013.11.09"]
[EventType "team-tourn"]
[EventRounds "11"]
[EventCountry "SVK"]
[SourceTitle "EXT 2015"]
[Source "ChessBase"]
[SourceDate "2014.11.20"]
[SourceVersion "1"]
[SourceVersionDate "2014.11.20"]
[SourceQuality "1"]
[WhiteTeam "Trencin"]
[BlackTeam "Bratislava Doprastav"]
[WhiteTeamCountry "SVK"]
[BlackTeamCountry "SVK"]

1. d4 Nf6 2. Nf3 g6 3. c4 Bg7 4. Nc3 d5 5. Bf4 c5 6. dxc5 Qa5 7. cxd5 Ne4 8. Be5 Nxc3 9. Qd2 Bxe5 10. Nxe5 Na6 11. Qxc3 Qxc3+ 12. bxc3 Nxc5 13. Nd3 Na4 14. c4 b6 15. e4 Bb7 16. c5 bxc5 17. Rc1 Rc8 18. Rc4 Nb6 19. Rxc5 0-0 20. Be2 f5 21. f3 Ba6 22. Rf1 Nc4 23. Rxc8 Rxc8 24. Nb4 Bb7 25. exf5 Ne3 26. Rf2 gxf5 27. Bd3 f4 28. Be4 Rc1+ 29. Kd2 Rd1+ 30. Kc3 a5 31. Nc6 Kf8 32. Rd2 Rc1+ 33. Kd4 Nc4 34. Rc2 Rxc2 35. Bxc2 Ne3 36. Bxh7 a4 37. g4 Nf1 38. h4 Nd2 39. Be4 Ba6 40. h5 Be2 41. Ne5 a3 42. h6 Nxe4 43. Kxe4 Bd1 44. Nc4 Bb3 45. Nxa3 Bxa2 46. Nb5 Kg8 47. d6 exd6 48. Nxd6 Kh7 49. g5 1-0

[Event "SVK-chT 1213"]
[Site "Slovakia"]
[Date "2013.03.01"]
[Round "9.4"]
[White "Dudas, Jan"]
[Black "Petran, Peter"]
[Result "0-1"]
[WhiteElo "2220"]
[BlackElo "2277"]
[PlyCount "108"]
[EventDate "2012.10.27"]
[EventType "team-tourn"]
[EventRounds "11"]
[EventCountry "SVK"]
[SourceTitle "EXT 2014"]
[Source "ChessBase"]
[SourceDate "2013.11.20"]
[SourceVersion "1"]
[SourceVersionDate "2013.11.20"]
[SourceQuality "1"]
[WhiteTeam "Bratislava Doprastav"]
[BlackTeam "Bratislava Slovan"]
[WhiteTeamCountry "SVK"]
[BlackTeamCountry "SVK"]

1. e4 g6 2. d4 Bg7 3. Nc3 d6 4. h3 Nd7 5. Nf3 c5 6. Bc4 cxd4 7. Nxd4 Ngf6 8. 0-0 0-0 9. Re1 a6 10. Bf1 Qc7 11. a4 e6 12. a5 Ne5 13. Be3 Bd7 14. Nb3 Bc6 15. f4 Ned7 16. Bd3 Rac8 17. Qe2 e5 18. Qf2 d5 19. exd5 Nxd5 20. Nxd5 Bxd5 21. c4 e4 22. cxd5 exd3 23. Bd4 Nf6 24. Rac1 Qd7 25. Qd2 Qxd5 26. Qxd3 Nh5 27. Qe3 Bxd4 28. Nxd4 Qxa5 29. Rxc8 Rxc8 30. f5 Qb6 31. fxg6 hxg6 32. Nf3 Qxe3+ 33. Rxe3 Rc2 34. b4 Rb2 35. Re4 Ng3 36. Rg4 Ne2+ 37. Kf1 Nc3 38. Ne5 Nd5 39. Rd4 Ne3+ 40. Kg1 Rxg2+ 41. Kh1 Rb2 42. Rd8+ Kg7 43. Rd7 Kf6 44. Nxf7 Rxb4 45. Nd6 b6 46. Rb7 a5 47. Kg1 Ke6 48. Nc8 Nd5 49. Kf2 Rb3 50. Rg7 Nf4 51. h4 a4 52. Re7+ Kf5 53. Rb7 a3 54. Ra7 Kg4 0-1

[Event "SVK-chT 1213"]
[Site "Slovakia"]
[Date "2012.11.24"]
[Round "3.4"]
[White "Veres, Andrej"]
[Black "Dudas, Jan"]
[Result "1/2-1/2"]
[WhiteElo "2138"]
[BlackElo "2220"]
[PlyCount "49"]
[EventDate "2012.10.27"]
[EventType "team-tourn"]
[EventRounds "11"]
[EventCountry "SVK"]
[SourceTitle "EXT 2014"]
[Source "ChessBase"]
[SourceDate "2013.11.20"]
[SourceVersion "1"]
[SourceVersionDate "2013.11.20"]
[SourceQuality "1"]
[WhiteTeam "Dubnica nad Vahom"]
[BlackTeam "Bratislava Doprastav"]
[WhiteTeamCountry "SVK"]
[BlackTeamCountry "SVK"]

1. d4 Nf6 2. Nf3 c5 3. e3 e6 4. c4 b6 5. Bd3 Bb7 6. Nc3 Be7 7. 0-0 d6 8. e4 cxd4 9. Nxd4 0-0 10. Re1 a6 11. b3 Nbd7 12. Bb2 Rc8 13. Rc1 Re8 14. Bb1 Qc7 15. Ba3 Qb8 16. Qd2 Nc5 17. Rcd1 Bf8 18. Qg5 Be7 19. Qd2 Bf8 20. f3 Rcd8 21. Qc2 g6 22. Bb2 Bg7 23. b4 Ncd7 24. Qa4 Ne5 25. b5 1/2-1/2

[Event "SVK-chT 1112"]
[Site "Slovakia"]
[Date "2012.03.10"]
[Round "10.8"]
[White "Dudas, Jan"]
[Black "Tropp, Frantisek"]
[Result "1/2-1/2"]
[WhiteElo "2211"]
[BlackElo "2091"]
[PlyCount "63"]
[EventDate "2011.10.22"]
[EventType "team-tourn"]
[EventRounds "11"]
[EventCountry "SVK"]
[SourceTitle "EXT 2013"]
[Source "ChessBase"]
[SourceDate "2012.11.22"]
[SourceVersion "1"]
[SourceVersionDate "2012.11.22"]
[SourceQuality "1"]
[WhiteTeam "Bratislava Doprastav"]
[BlackTeam "Kezmarok"]
[WhiteTeamCountry "SVK"]
[BlackTeamCountry "SVK"]

1. e4 e5 2. Nf3 Nc6 3. Bb5 a6 4. Ba4 Nf6 5. 0-0 Be7 6. Re1 b5 7. Bb3 d6 8. c3 0-0 9. h3 Na5 10. Bc2 c5 11. d4 Qc7 12. d5 Nc4 13. b3 Nb6 14. Nbd2 g6 15. a4 Bd7 16. a5 Nc8 17. Nf1 Nh5 18. Bh6 Re8 19. Qd2 Qd8 20. g4 Ng7 21. Ng3 f6 22. Kh2 Bf8 23. Rg1 Qe7 24. Raf1 Qf7 25. Ne1 g5 26. Bxg7 Bxg7 27. Nf5 Bxf5 28. gxf5 Kf8 29. Bd1 Ke7 30. Be2 Kd8 31. Nc2 Rh8 32. Rd1 1/2-1/2

[Event "SVK-chT 1112"]
[Site "Slovakia"]
[Date "2011.10.22"]
[Round "1.8"]
[White "Dudas, Jan"]
[Black "Podoba, Milan"]
[Result "1-0"]
[WhiteElo "2211"]
[BlackElo "2157"]
[PlyCount "61"]
[EventDate "2011.10.22"]
[EventType "team-tourn"]
[EventRounds "11"]
[EventCountry "SVK"]
[SourceTitle "EXT 2013"]
[Source "ChessBase"]
[SourceDate "2012.11.22"]
[SourceVersion "1"]
[SourceVersionDate "2012.11.22"]
[SourceQuality "1"]
[WhiteTeam "Bratislava Doprastav"]
[BlackTeam "Dubnica nad Vahom"]
[WhiteTeamCountry "SVK"]
[BlackTeamCountry "SVK"]

1. c4 c6 2. Nf3 d5 3. d4 Nf6 4. Qb3 Qb6 5. c5 Qxb3 6. axb3 Bf5 7. Nc3 Nbd7 8. b4 e6 9. b5 Be7 10. bxc6 bxc6 11. Bf4 Nh5 12. Bc7 0-0 13. h3 Rfc8 14. Bh2 Nhf6 15. b4 Bd8 16. e3 a5 17. b5 cxb5 18. Bxb5 Bc7 19. Bc6 Rab8 20. Bxd7 Nxd7 21. Bxc7 Rxc7 22. Rxa5 Rb3 23. Ra8+ Nf8 24. Nd1 Bd3 25. Ne5 Bb5 26. Kd2 f6 27. Kc2 Rb4 28. Nd3 Ba4+ 29. Kd2 Rc4 30. N3b2 Bc6 31. Rb8 1-0

[Event "Tatry op"]
[Site "Tatranske Zruby"]
[Date "2009.09.29"]
[Round "4"]
[White "Szegi, Tamas"]
[Black "Dudas, Jan"]
[Result "1-0"]
[WhiteElo "2187"]
[BlackElo "2245"]
[PlyCount "87"]
[EventDate "2009.09.27"]
[EventType "swiss"]
[EventRounds "9"]
[EventCountry "SVK"]
[SourceTitle "EXT 2011"]
[Source "ChessBase"]
[SourceDate "2010.11.26"]
[SourceVersion "1"]
[SourceVersionDate "2010.11.26"]
[SourceQuality "1"]

1. e4 c5 2. Nf3 e6 3. d4 cxd4 4. Nxd4 a6 5. Nc3 Qc7 6. Bd3 Nf6 7. Be3 Nc6 8. Nb3 b5 9. f4 d6 10. 0-0 Be7 11. Kh1 0-0 12. Qf3 Bb7 13. Qh3 e5 14. Nd5 Qc8 15. Qxc8 Raxc8 16. Nxe7+ Nxe7 17. fxe5 dxe5 18. Bg5 Ng6 19. Bxf6 gxf6 20. Rxf6 Nf4 21. Rb6 Rc7 22. a4 f5 23. axb5 axb5 24. Nc5 Nxd3 25. cxd3 Rxc5 26. Rxb7 fxe4 27. dxe4 Rc4 28. h3 Rxe4 29. Raa7 Rh4 30. Rxb5 e4 31. Rg5+ Kh8 32. Re5 Rb8 33. Kh2 Rf4 34. Ree7 Rh4 35. b4 e3 36. b5 Rh6 37. Rxe3 Rg6 38. Ree7 Rxb5 39. Rxh7+ Kg8 40. Rhb7 Rf5 41. Rb8+ Rf8 42. Rxf8+ Kxf8 43. g4 Kg8 44. Kg3 1-0

[Event "SVK-chT1W 0809"]
[Site "Slovakia"]
[Date "2009.01.11"]
[Round "7.2"]
[White "Hacik, Radomir"]
[Black "Dudas, Jan"]
[Result "1/2-1/2"]
[WhiteElo "2204"]
[BlackElo "2264"]
[PlyCount "90"]
[EventDate "2008.10.18"]
[EventType "team-tourn"]
[EventRounds "11"]
[EventCountry "SVK"]
[SourceTitle "EXT 2010"]
[Source "ChessBase"]
[SourceDate "2010.11.25"]
[SourceVersion "1"]
[SourceVersionDate "2010.11.25"]
[SourceQuality "1"]
[WhiteTeam "Bratislava Slovan II"]
[BlackTeam "Bratislava Doprastav"]
[WhiteTeamCountry "SVK"]
[BlackTeamCountry "SVK"]

1. e4 c5 2. Nf3 e6 3. d4 cxd4 4. Nxd4 a6 5. c4 Nf6 6. Nc3 d6 7. Be2 b6 8. Bf3 Ra7 9. Be3 Rc7 10. Qa4+ Nfd7 11. Rd1 Be7 12. e5 dxe5 13. Nc6 Nxc6 14. Bxc6 0-0 15. 0-0 Bc5 16. Bxc5 bxc5 17. Bxd7 Rxd7 18. Rxd7 Qxd7 19. Qxd7 Bxd7 20. Ne4 Rc8 21. Rd1 Be8 22. Rd6 a5 23. Ra6 a4 24. Nd6 Rd8 25. Kf1 Kf8 26. Nxe8 Kxe8 27. Rxa4 Rd2 28. b3 Rb2 29. Ra7 e4 30. h4 Kf8 31. Ra5 f5 32. Rxc5 Rxa2 33. g3 Rb2 34. Rb5 Ke7 35. c5 e5 36. b4 f4 37. c6 Kd6 38. Rc5 f3 39. Ke1 Kc7 40. Rxe5 Rxb4 41. Kd2 Rb2+ 42. Ke3 Re2+ 43. Kf4 Rxf2 44. Rxe4 Kxc6 45. Ra4 Rd2 1/2-1/2

[Event "SVK-chT1W 0809"]
[Site "Slovakia"]
[Date "2008.10.19"]
[Round "2.4"]
[White "Dudas, Jan"]
[Black "Sebesta, Radovan"]
[Result "1/2-1/2"]
[WhiteElo "2091"]
[BlackElo "2264"]
[PlyCount "73"]
[EventDate "2008.10.18"]
[EventType "team-tourn"]
[EventRounds "11"]
[EventCountry "SVK"]
[SourceTitle "EXT 2010"]
[Source "ChessBase"]
[SourceDate "2010.11.25"]
[SourceVersion "1"]
[SourceVersionDate "2010.11.25"]
[SourceQuality "1"]
[WhiteTeam "Bratislava Doprastav"]
[BlackTeam "Senica SK"]
[WhiteTeamCountry "SVK"]
[BlackTeamCountry "SVK"]

1. e4 c5 2. d4 cxd4 3. c3 dxc3 4. Nxc3 e6 5. Nf3 Nc6 6. Bc4 a6 7. 0-0 Bc5 8. Qe2 Nge7 9. Rd1 0-0 10. Bg5 Qc7 11. Rac1 Ng6 12. Be3 Bxe3 13. Qxe3 Qf4 14. Qb6 Nce5 15. Nxe5 Qxe5 16. Rd6 Nf4 17. Rcd1 Qg5 18. Bf1 f5 19. Qe3 fxe4 20. g3 Qg4 21. Nxe4 Nd5 22. Qd4 Qf5 23. Bg2 a5 24. Nc5 Nf6 25. h3 h5 26. Rb6 d5 27. Nxb7 Bxb7 28. Rxb7 Rab8 29. Rxb8 Rxb8 30. b3 Rc8 31. Bf1 e5 32. Qd3 Qxd3 33. Bxd3 e4 34. Ba6 Rc2 35. Bb7 Rc5 36. Rd2 Kf7 37. Kf1 1/2-1/2

[Event "Tatry op"]
[Site "Tatranske Zruby"]
[Date "2007.09.29"]
[Round "9"]
[White "Vyskocil, Neklan"]
[Black "Dudas, Jan"]
[Result "1/2-1/2"]
[WhiteElo "2358"]
[BlackElo "2262"]
[PlyCount "100"]
[EventDate "2007.09.22"]
[EventType "swiss"]
[EventRounds "9"]
[EventCountry "SVK"]
[SourceTitle "CBM 120 Extra"]
[Source "ChessBase"]
[SourceDate "2007.11.01"]
[SourceVersion "1"]
[SourceVersionDate "2007.11.01"]
[SourceQuality "1"]

1. c4 e5 2. Nc3 Nf6 3. g3 d5 4. cxd5 Nxd5 5. Bg2 Nb6 6. Nf3 Nc6 7. d3 Be7 8. 0-0 0-0 9. Bd2 Bg4 10. Rc1 Re8 11. Be3 Bf8 12. Re1 a6 13. Nd2 Rb8 14. Nb3 Nd4 15. Bd2 c6 16. Ne4 Nd5 17. Nec5 Bd6 18. Nxd4 exd4 19. Nb3 Nb4 20. h3 Bh5 21. g4 Bg6 22. a3 Nd5 23. Nxd4 Qf6 24. e3 Bxd3 25. Bc3 Nxc3 26. Qxd3 Nb5 27. Nxb5 axb5 28. Rc2 Rbd8 29. Qe2 h6 30. Qf3 Qe5 31. Rd1 Re6 32. Rd3 Rde8 33. Rcd2 Rf6 34. Qd1 Bc7 35. Qe2 Qh2+ 36. Kf1 Bb6 37. Rc3 Qe5 38. Rdd3 Rfe6 39. Rd7 R8e7 40. Rxe7 Rxe7 41. Rd3 f5 42. gxf5 Qxf5 43. Ke1 Ba5+ 44. Kd1 Rf7 45. f4 Re7 46. Bf1 Rd7 47. Kc1 Re7 48. Qc2 Qe6 49. Qb3 Qc4+ 50. Rc3 Qxb3 1/2-1/2

[Event "SVK-chT2A 0506"]
[Site "Slovakia"]
[Date "2006.01.15"]
[Round "7.2"]
[White "Maslikova, Veronika"]
[Black "Dudas, Jan"]
[Result "1-0"]
[WhiteElo "2211"]
[BlackElo "2287"]
[PlyCount "95"]
[EventDate "2005.10.22"]
[EventType "team-tourn"]
[EventRounds "11"]
[EventCountry "SVK"]
[SourceTitle "EXT 2009"]
[Source "ChessBase"]
[SourceDate "2008.11.26"]
[SourceVersion "1"]
[SourceVersionDate "2008.11.26"]
[SourceQuality "1"]

1. e4 c5 2. Nf3 d6 3. d4 cxd4 4. Nxd4 Nf6 5. Nc3 a6 6. a4 e5 7. Nb3 Be7 8. Be2 0-0 9. Be3 Be6 10. Bf3 Nbd7 11. 0-0 Qc7 12. Nd2 Rfd8 13. Qe2 Nc5 14. Bxc5 Qxc5 15. Rfd1 Qb4 16. Rab1 d5 17. exd5 Nxd5 18. Bxd5 Bxd5 19. Qxe5 Bc6 20. Nde4 Re8 21. Rd4 Qb6 22. a5 Qa7 23. Rbd1 Qb8 24. Qxb8 Raxb8 25. Nd6 Red8 26. R4d3 g6 27. h3 Rd7 28. Nf5 gxf5 29. Rxd7 Bxd7 30. Rxd7 Bb4 31. Nd5 Bxa5 32. Ne7+ Kf8 33. Nxf5 Ke8 34. Rd5 Bc7 35. Kf1 Rd8 36. Rxd8+ Kxd8 37. Ke2 Kd7 38. Kd3 Ke6 39. Nd4+ Kd5 40. Nf3 b5 41. Ng5 f6 42. Nxh7 Ke6 43. Nf8+ Kf7 44. Nd7 Bd6 45. Kd4 Ke7 46. Nc5 a5 47. Nb7 Be5+ 48. Kc5 1-0

[Event "SVK-chT 0405"]
[Site "Slovakia"]
[Date "2005.03.13"]
[Round "9"]
[White "Dovzik, Juri"]
[Black "Dudas, Jan"]
[Result "1/2-1/2"]
[WhiteElo "2414"]
[BlackElo "2312"]
[PlyCount "56"]
[EventDate "2004.11.13"]
[EventType "team-tourn"]
[EventRounds "11"]
[EventCountry "SVK"]
[SourceTitle "EXT 2019"]
[Source "ChessBase"]
[SourceDate "2018.10.10"]
[SourceVersion "1"]
[SourceVersionDate "2018.10.10"]
[SourceQuality "1"]
[WhiteTeam "Kosice Hydina"]
[BlackTeam "Dunajska Streda"]
[WhiteTeamCountry "SVK"]
[BlackTeamCountry "SVK"]

1. e4 e5 2. Nf3 Nc6 3. Bb5 a6 4. Ba4 Nf6 5. 0-0 Be7 6. Re1 b5 7. Bb3 0-0 8. h3 d6 9. c3 Na5 10. Bc2 c5 11. d4 Nc6 12. a4 Bd7 13. d5 Na5 14. Nbd2 g6 15. b4 Nb7 16. a5 Nh5 17. Nf1 Qc7 18. Bh6 Ng7 19. Ng3 f6 20. Nh2 Rac8 21. Bd3 Nd8 22. Be3 Nf7 23. Rc1 cxb4 24. cxb4 Qb8 25. Qe2 Rxc1 26. Rxc1 Rc8 27. Nhf1 Rxc1 28. Bxc1 Qc8 1/2-1/2

[Event "SVK-chT 0405"]
[Site "Slovakia"]
[Date "2005.01.30"]
[Round "7"]
[White "Dudas, Jan"]
[Black "Schwarz, Dusan"]
[Result "0-1"]
[WhiteElo "2312"]
[BlackElo "2271"]
[PlyCount "76"]
[EventDate "2004.11.13"]
[EventType "team-tourn"]
[EventRounds "11"]
[EventCountry "SVK"]
[SourceTitle "EXT 2019"]
[Source "ChessBase"]
[SourceDate "2018.10.10"]
[SourceVersion "1"]
[SourceVersionDate "2018.10.10"]
[SourceQuality "1"]
[WhiteTeam "Dunajska Streda"]
[BlackTeam "Bratislava Slovan II"]
[WhiteTeamCountry "SVK"]
[BlackTeamCountry "SVK"]

1. b3 e5 2. Bb2 Nc6 3. e3 d5 4. Bb5 f6 5. Ne2 Nge7 6. d4 a6 7. Bxc6+ Nxc6 8. 0-0 Be6 9. f4 exd4 10. f5 Bf7 11. exd4 Qd7 12. a3 Bd6 13. Qd3 0-0-0 14. Nbc3 g6 15. Bc1 Ne7 16. fxg6 hxg6 17. Bf4 g5 18. Bxd6 Qxd6 19. Qg3 Bg6 20. Rac1 Nf5 21. Qxd6 Rxd6 22. Rf3 Re8 23. Kf2 Rde6 24. Rd3 Ne3 25. Rd2 f5 26. h3 c6 27. Ng1 Bh5 28. Na4 g4 29. Nc5 Rg6 30. Ne2 Nxg2 31. Ng3 Nf4 32. Nxf5 gxh3 33. Rg1 h2 34. Rxg6 h1Q 35. Nd6+ Kb8 36. Nxe8 Qf3+ 37. Ke1 Bxg6 38. Rh2 Bxe8 0-1

[Event "SVK-chT 0405"]
[Site "Slovakia"]
[Date "2005.01.09"]
[Round "6"]
[White "Dudas, Jan"]
[Black "Markos, Jan"]
[Result "0-1"]
[WhiteElo "2312"]
[BlackElo "2454"]
[PlyCount "68"]
[EventDate "2004.11.13"]
[EventType "team-tourn"]
[EventRounds "11"]
[EventCountry "SVK"]
[SourceTitle "EXT 2019"]
[Source "ChessBase"]
[SourceDate "2018.10.10"]
[SourceVersion "1"]
[SourceVersionDate "2018.10.10"]
[SourceQuality "1"]
[WhiteTeam "Dunajska Streda"]
[BlackTeam "Bratislava Slovan"]
[WhiteTeamCountry "SVK"]
[BlackTeamCountry "SVK"]

1. c4 Nf6 2. g3 c6 3. Nf3 d5 4. b3 Bg4 5. Bb2 Nbd7 6. Bg2 e6 7. 0-0 Bd6 8. d3 Qe7 9. Nbd2 0-0 10. h3 Bh5 11. Re1 Rfd8 12. a3 a5 13. Ra2 Nc5 14. g4 Bg6 15. Ne5 Bxe5 16. Bxe5 h5 17. Qa1 hxg4 18. Bxf6 gxf6 19. hxg4 e5 20. cxd5 cxd5 21. Rc1 Ne6 22. Nf3 Nf4 23. Nh2 Kg7 24. Qc3 Qe6 25. Qd2 Rh8 26. Qe3 Rh4 27. f3 d4 28. Qf2 Rah8 29. Nf1 Rh1+ 30. Bxh1 Nh3+ 31. Kg2 Nxf2 32. Kxf2 Rxh1 33. Rb2 f5 34. Kg2 Rh8 0-1

[Event "SVK-chT 0405"]
[Site "Slovakia"]
[Date "2004.12.11"]
[Round "3"]
[White "Dudas, Jan"]
[Black "Tibensky, Robert"]
[Result "1/2-1/2"]
[WhiteElo "2312"]
[BlackElo "2442"]
[PlyCount "64"]
[EventDate "2004.11.13"]
[EventType "team-tourn"]
[EventRounds "11"]
[EventCountry "SVK"]
[SourceTitle "EXT 2019"]
[Source "ChessBase"]
[SourceDate "2018.10.10"]
[SourceVersion "1"]
[SourceVersionDate "2018.10.10"]
[SourceQuality "1"]
[WhiteTeam "Dunajska Streda"]
[BlackTeam "Liptov"]
[WhiteTeamCountry "SVK"]
[BlackTeamCountry "SVK"]

1. e4 c6 2. d4 d5 3. Nd2 dxe4 4. Nxe4 Bf5 5. Ng3 Bg6 6. h4 h6 7. Nf3 Nd7 8. h5 Bh7 9. Bd3 Bxd3 10. Qxd3 e6 11. Bd2 Ngf6 12. 0-0-0 Be7 13. Ne4 0-0 14. Nxf6+ Nxf6 15. Qe2 Qd5 16. Kb1 Qe4 17. Qxe4 Nxe4 18. Be3 Rac8 19. Ne5 Rfd8 20. g4 b5 21. Rhe1 a5 22. Re2 Nf6 23. Rde1 Nd5 24. Bc1 a4 25. a3 b4 26. axb4 Bxb4 27. Bd2 Be7 28. f3 Nf6 29. c3 Nd5 30. Kc2 c5 31. dxc5 Bxc5 32. Ra1 a3 1/2-1/2

[Event "AUT-chT2O 0304"]
[Site "Austria"]
[Date "2004.02.01"]
[Round "9.3"]
[White "Chytilek, Roman"]
[Black "Dudas, Jan"]
[Result "1-0"]
[WhiteElo "2418"]
[BlackElo "2320"]
[PlyCount "87"]
[EventDate "2003.10.25"]
[EventType "team-tourn"]
[EventRounds "11"]
[EventCountry "AUT"]
[SourceTitle "EXT 2005"]
[Source "ChessBase"]
[SourceDate "2004.11.15"]
[SourceVersion "1"]
[SourceVersionDate "2004.11.15"]
[SourceQuality "1"]
[WhiteTeam "Stockerau"]
[BlackTeam "Gols Raiba"]
[WhiteTeamCountry "AUT"]
[BlackTeamCountry "AUT"]

1. Nf3 d5 2. c4 c6 3. d4 Nf6 4. e3 a6 5. Qc2 g6 6. Nc3 Bg7 7. Bd3 0-0 8. 0-0 Nbd7 9. b3 b5 10. Rd1 Bb7 11. Bb2 Rc8 12. Qe2 Re8 13. h3 e6 14. a3 Qe7 15. c5 a5 16. Rac1 Red8 17. Re1 Ne8 18. b4 axb4 19. axb4 Ra8 20. Ra1 Rxa1 21. Rxa1 Ra8 22. Qe1 Qd8 23. Rc1 Bc8 24. e4 dxe4 25. Bxe4 Ra6 26. Ra1 Qc7 27. Rxa6 Bxa6 28. d5 cxd5 29. Bxd5 Ne5 30. Nxe5 Bxe5 31. Bf3 Ng7 32. Qa1 Qc8 33. Ne4 Bxb2 34. Qxb2 Ne8 35. Qd4 Bb7 36. h4 h5 37. Ng5 Bxf3 38. Nxf3 Nc7 39. Qd3 Qa8 40. Qd7 Nd5 41. Qxb5 Qa1+ 42. Kh2 Qb2 43. c6 Qxf2 44. c7 1-0

[Event "AUT-chT2O 0304"]
[Site "Austria"]
[Date "2003.12.06"]
[Round "5.3"]
[White "Kummer, Helmut"]
[Black "Dudas, Jan"]
[Result "1-0"]
[WhiteElo "2337"]
[BlackElo "2320"]
[PlyCount "127"]
[EventDate "2003.10.25"]
[EventType "team-tourn"]
[EventRounds "11"]
[EventCountry "AUT"]
[SourceTitle "EXT 2005"]
[Source "ChessBase"]
[SourceDate "2004.11.15"]
[SourceVersion "1"]
[SourceVersionDate "2004.11.15"]
[SourceQuality "1"]
[WhiteTeam "Donaustadt"]
[BlackTeam "Gols Raiba"]
[WhiteTeamCountry "AUT"]
[BlackTeamCountry "AUT"]

1. d4 d5 2. c4 c6 3. Nf3 Nf6 4. Nc3 a6 5. c5 Nbd7 6. Bf4 Nh5 7. Be3 g6 8. g3 Bg7 9. Bg2 0-0 10. 0-0 Re8 11. Rc1 e5 12. Nxe5 Nxe5 13. dxe5 Bxe5 14. Bd4 Bxd4 15. Qxd4 Nf6 16. Rfd1 Bf5 17. e3 Ne4 18. Na4 h5 19. Nb6 Rb8 20. b4 Qe7 21. Re1 Qe6 22. Rcd1 Bh3 23. Bh1 Qf5 24. f3 Ng5 25. Qf4 Qxf4 26. gxf4 Nh7 27. e4 Nf6 28. Kf2 Be6 29. a3 Rbd8 30. h4 dxe4 31. fxe4 Bb3 32. Rd6 Ng4+ 33. Kg3 Nh6 34. Bf3 Kf8 35. Rc1 Ke7 36. Rc3 Be6 37. Rcd3 f6 38. Bd1 Nf7 39. Rxd8 Rxd8 40. Rxd8 Kxd8 41. f5 gxf5 42. exf5 Bxf5 43. Bxh5 Ne5 44. Be2 Ke7 45. Nc4 Nf7 46. Bh5 Nd8 47. Nd6 Bd3 48. Bg4 a5 49. bxa5 Kf8 50. Kf4 Kg7 51. Bc8 Ba6 52. Ne8+ Kf7 53. Nc7 Bd3 54. Ke3 Bf1 55. Bf5 Bc4 56. Kd4 Be2 57. Kc3 Kg7 58. Ne8+ Kf7 59. Nd6+ Kg7 60. Bd3 Bg4 61. Kb4 Kh6 62. Nxb7 Nf7 63. a6 Bc8 64. Nd6 1-0